Zaïre (Record no. 169796)

MARC details
000 -LEADER
campo de control de longitud fija 00813nam a2200217 i 4500
001 - NÚMERO DE CONTROL
campo de control 169796
003 - IDENTIFICADOR DE NÚMERO DE CONTROL
campo de control ES-MaACL
005 - FECHA Y HORA DE LA ÚLTIMA TRANSACCIÓN
campo de control 20250716063333.0
008 - DATOS DE LONGITUD FIJA--INFORMACIÓN GENERAL
campo de control de longitud fija 081128s1972 fr af |||| |dfre d
080 ## - NÚMERO DE LA CLASIFICACIÓN DECIMAL UNIVERSAL
Número de la Clasificación Decimal Universal 821.133.1-2"17"
100 0# - ENTRADA PRINCIPAL--NOMBRE DE PERSONA
Nombre de persona Voltaire,
Fechas asociadas al nombre 1694-1778
9 (RLIN) 115721
245 10 - MENCIÓN DEL TÍTULO
Título Zaïre
Resto del título : tragédie /
Mención de responsabilidad, etc. Voltaire ; avec une notice biographique, une notice historique et littéraire, un index... par Claude Blum.
260 ## - PUBLICACIÓN, DISTRIBUCIÓN, ETC.
Lugar de publicación, distribución, etc. Sorbonne [Paris] :
Nombre del editor, distribuidor, etc. Librairie Larousse,
Fecha de publicación, distribución, etc. 1972.
300 ## - DESCRIPCIÓN FÍSICA
Extensión 176 p., [1] p. de lám. col. :
Otras características físicas il. ;
Dimensiones 17 cm.
490 1# - MENCIÓN DE SERIE
Mención de serie Nouveaux classiques Larousse
500 ## - NOTA GENERAL
Nota general Índice.
700 1# - ENTRADA AGREGADA--NOMBRE PERSONAL
Nombre de persona Blum, Claude.
9 (RLIN) 138965
830 0# - PUNTO DE ACCESO ADICIONAL DE SERIE-TÍTULO UNIFORME
Título uniforme Nouveaux classiques Larousse
9 (RLIN) 186641
852 ## - LOCALIZACIÓN
Ubicación ES-MaACL
Número de control de estantería E-12287
Nota libre . - Biblioteca Jacinto Martínez Lacalle
Holdings
Estatus retirado Estado de pérdida Estado de daño No para préstamo Biblioteca de origen Biblioteca actual Ubicación en estantería Fecha de adquisición Fuente de adquisición Total de préstamos Signatura topográfica completa Código de barras Visto por última vez Precio de reemplazo Tipo de ítem Koha
        Biblioteca del Ateneo de Madrid Biblioteca del Ateneo de Madrid Depósito 2 28/11/2008     E-12287 1178267 23/02/2023 23/02/2023 Libro impreso